000 01004nam0a22002411i 4500
001 rc\3771006
005 20240726080416.0
021 _aRU
_b[75-17550а]
035 _a(NLR Aleph) 007220581
090 _a7696275
_c7696275
100 _a20120127d1975 |||y0rusy50 ca
101 0 _arus
102 _aRU
105 _ay d |||||
200 1 _aСовершенствование систем материального поощрения в условиях экономической реформы
_e(На примере пищевой пром-сти АрмССР)
_eАвтореф. дис. на соиск. учен. степени канд. экон. наук
_e(08.00.05)
_fЕреван. гос. ун-т
210 _aЕреван
_d1975
215 _a49 с.
320 _aСписок работ авт.: с. 49 (8 назв.)
700 1 _aБагян
_bВ.М.
_gВолодя Мартиросович
801 0 _aRU
_bNLR
_gpsbo
801 1 _aRU
_bELAR
_2rusmarc
852 _aNLR
_j75-4/21254
942 _cBOOK